[Event "Graz-ch"]
[Site "Graz"]
[Date "2010.01.17"]
[Round "6"]
[White "Kozomara, David"]
[Black "Tolic, Mato"]
[Result "0-1"]
[WhiteElo "1938"]
[BlackElo "2042"]
[PlyCount "142"]
[EventDate "2010.01.08"]
[EventType "swiss"]
[EventRounds "7"]
[EventCountry "AUT"]
[SourceTitle "CBM 134 Extra"]
[Source "ChessBase"]
[SourceDate "2010.03.03"]
[SourceVersion "1"]
[SourceVersionDate "2010.03.03"]
[SourceQuality "1"]

1. e4 d6 2. d4 g6 3. f4 Bg7 4. Nf3 Nf6 5. Nc3 0-0 6. h3 Nc6 7. Be3 e5 8. fxe5 dxe5 9. d5 Nd4 10. Qd2 c5 11. dxc6 Nxc6 12. Qxd8 Rxd8 13. Bc4 Na5 14. Bd5 Nxd5 15. Nxd5 Nc4 16. Bg5 Rd6 17. 0-0-0 f6 18. Bh4 g5 19. Bf2 Rd7 20. g4 Nd6 21. Rhe1 b6 22. b3 Bb7 23. c4 Kf7 24. Nd2 Rc8 25. Kb2 Ke6 26. Nc3 Bf8 27. Nf1 Ba6 28. Ng3 Rdc7 29. Nd5 Nxc4+ 30. bxc4 Rxc4 31. Rd2 Ra4 32. Re3 Bc4 33. a3 b5 34. Rc2 Rc6 35. Rf3 Bd6 36. Rxf6+ Kd7 37. Rf7+ Ke8 38. Rxa7 Bxa3+ 39. Ka1 Bxd5 40. Rxc6 Bxc6 41. Rxa4 bxa4 42. Ka2 Bb4 43. Be3 Bb5 44. Bxg5 Bc4+ 45. Kb1 Kf7 46. h4 Ke6 47. h5 Be1 48. Nf5 Bd3+ 49. Ka2 Bxe4 50. Ng7+ Kf7 51. Nf5 Bf3 52. Ka3 Bd1 53. Ne3 Bb3 54. Nf5 Bf2 55. Nd6+ Ke6 56. Ne4 Bb6 57. h6 Bd1 58. Nf6 Bc5+ 59. Ka2 Bc2 60. Kb2 Bd3 61. Nh5 a3+ 62. Ka1 Bc4 63. Ng7+ Kf7 64. Nf5 Bb4 65. Nd6+ Bxd6 66. Bc1 Bc5 67. Kb1 a2+ 68. Ka1 Bd4+ 69. Bb2 Bxb2+ 70. Kxb2 Kg6 71. g5 Kxg5 0-1

[Event "Graz-ch"]
[Site "Graz"]
[Date "2010.01.16"]
[Round "5"]
[White "Kozomara, David"]
[Black "Stolterfoht, Daniel"]
[Result "0-1"]
[WhiteElo "1938"]
[BlackElo "2083"]
[PlyCount "98"]
[EventDate "2010.01.08"]
[EventType "swiss"]
[EventRounds "7"]
[EventCountry "AUT"]
[SourceTitle "CBM 134 Extra"]
[Source "ChessBase"]
[SourceDate "2010.03.03"]
[SourceVersion "1"]
[SourceVersionDate "2010.03.03"]
[SourceQuality "1"]

1. e4 c5 2. Nf3 d6 3. d4 cxd4 4. Nxd4 Nf6 5. Nc3 a6 6. Be3 e5 7. Nb3 Be6 8. f3 Be7 9. Qd2 Nbd7 10. g4 b5 11. 0-0-0 0-0 12. g5 Nh5 13. Rg1 Nc5 14. Nd5 Bxd5 15. exd5 Nxb3+ 16. axb3 Qd7 17. Bd3 a5 18. Qe2 Rfb8 19. f4 Nxf4 20. Bxf4 exf4 21. Rde1 Bf8 22. h4 g6 23. h5 Bg7 24. hxg6 hxg6 25. Rgf1 a4 26. Rxf4 a3 27. bxa3 Bc3 28. a4 bxa4 29. Bxg6 fxg6 30. Qe6+ Qxe6 31. Rxe6 a3 32. Rxg6+ Bg7 33. Rxg7+ Kxg7 34. Kb1 a2+ 35. Ka1 Rf8 36. Ra4 Rxa4 37. bxa4 Ra8 38. Kxa2 Rxa4+ 39. Kb3 Ra5 40. c4 Kg6 41. Kb4 Rc5 42. Kb3 Kxg5 43. Kb2 Rxc4 44. Ka1 Rb4 45. Ka2 Kf4 46. Ka1 Ke3 47. Ka2 Kd3 48. Ka1 Kc2 49. Ka2 Ra4# 0-1

[Event "Graz-ch"]
[Site "Graz"]
[Date "2010.01.15"]
[Round "4"]
[White "Matosec, Thomas"]
[Black "Kozomara, David"]
[Result "1/2-1/2"]
[WhiteElo "2065"]
[BlackElo "1938"]
[PlyCount "42"]
[EventDate "2010.01.08"]
[EventType "swiss"]
[EventRounds "7"]
[EventCountry "AUT"]
[SourceTitle "CBM 134 Extra"]
[Source "ChessBase"]
[SourceDate "2010.03.03"]
[SourceVersion "1"]
[SourceVersionDate "2010.03.03"]
[SourceQuality "1"]

1. Nf3 Nf6 2. c4 e6 3. g3 c5 4. Bg2 Nc6 5. 0-0 d5 6. d4 cxd4 7. Nxd4 Qb6 8. Nb3 dxc4 9. Be3 Qb4 10. Nd4 Bd7 11. Na3 Rc8 12. Rc1 Nd5 13. Nxc4 Nxe3 14. fxe3 Be7 15. a3 Qc5 16. b4 Qg5 17. b5 Ne5 18. Nf3 Nxf3+ 19. Bxf3 Qxb5 20. Nd6+ Bxd6 21. Qxd6 Qb6 1/2-1/2

[Event "Graz op-A 16th"]
[Site "Graz"]
[Date "2009.08.30"]
[Round "2"]
[White "Kozomara, David"]
[Black "Loebler, Heimo"]
[Result "0-1"]
[WhiteElo "1957"]
[BlackElo "2234"]
[PlyCount "156"]
[EventDate "2009.08.29"]
[EventType "swiss"]
[EventRounds "9"]
[EventCountry "AUT"]
[SourceTitle "CBM 132 Extra"]
[Source "ChessBase"]
[SourceDate "2009.11.03"]
[SourceVersion "1"]
[SourceVersionDate "2009.11.03"]
[SourceQuality "1"]

1. e4 c5 2. Nf3 Nc6 3. d4 cxd4 4. Nxd4 e5 5. Nb5 d6 6. N1c3 a6 7. Na3 b5 8. Nd5 Be7 9. Be3 Rb8 10. c3 Nf6 11. Nxf6+ Bxf6 12. Be2 0-0 13. 0-0 Ne7 14. Nc2 d5 15. exd5 Nxd5 16. Bc5 Re8 17. Nb4 Nxb4 18. Bxb4 Bd7 19. a4 bxa4 20. Bxa6 e4 21. Re1 Bc6 22. Qxd8 Rexd8 23. Red1 h5 24. Be2 h4 25. h3 Bg5 26. Kf1 Bd2 27. Bc4 e3 28. fxe3 Bxe3 29. Rd3 Rxd3 30. Bxd3 Rd8 31. Rd1 a3 32. Bxa3 Rd5 33. c4 Rg5 34. Be7 Rxg2 35. Bxh4 Rxb2 36. Bf5 g6 37. Bg4 Bg2+ 38. Ke1 f5 39. Be2 Bxh3 40. Bf6 Rc2 41. Rd3 f4 42. Bd4 Rc1+ 43. Bd1 Bg4 44. Bb2 Rb1 45. Ba3 Bf5 46. Rb3 Rxb3 47. Bxb3 f3 48. c5+ Kh7 49. Bc4 g5 50. c6 g4 51. Bd6 Bc8 52. Bg3 Kg6 53. Bf2 Bf4 54. Bd5 Kf5 55. Bd4 Bg3+ 56. Kf1 Bh4 57. Kg1 Kf4 58. c7 g3 59. Bc5 f2+ 60. Kg2 Ba6 61. Bd6+ Kg5 62. Be7+ Kh6 63. Bf8+ Kh7 64. Be4+ Kg8 65. Bd5+ Kxf8 66. Bc4 Bb7+ 67. Kh3 Ke7 68. Bf1 Kd7 69. c8Q+ Kxc8 70. Kxh4 g2 71. Bxg2 Bxg2 72. Kg3 f1Q 73. Kh4 Qf4+ 74. Kh5 Qg3 75. Kh6 Kd7 76. Kh7 Ke7 77. Kh6 Kf6 78. Kh7 Qg7# 0-1

[Event "Oberwart op-B"]
[Site "Oberwart"]
[Date "2009.07.16"]
[Round "6"]
[White "Knappitsch, Thomas"]
[Black "Kozomara, David"]
[Result "1-0"]
[WhiteElo "1739"]
[BlackElo "1957"]
[PlyCount "57"]
[EventDate "2009.07.11"]
[EventType "swiss"]
[EventRounds "9"]
[EventCountry "AUT"]
[SourceTitle "CBM 131 Extra"]
[Source "ChessBase"]
[SourceDate "2009.09.03"]
[SourceVersion "2"]
[SourceVersionDate "2009.09.16"]
[SourceQuality "1"]

1. e4 c5 2. Nf3 e6 3. d4 cxd4 4. Nxd4 a6 5. Be2 Nf6 6. Nc3 Nc6 7. Be3 Be7 8. 0-0 0-0 9. a4 d6 10. Kh1 Bd7 11. f4 Nxd4 12. Bxd4 Bc6 13. Bf3 Qc7 14. a5 Nd7 15. f5 Bf6 16. Bxf6 Nxf6 17. g4 Nd7 18. g5 Ne5 19. f6 Rad8 20. Bg2 b6 21. Qh5 b5 22. Rf4 h6 23. fxg7 Kxg7 24. Qxh6+ Kg8 25. Rh4 f6 26. Qh8+ Kf7 27. Qh7+ Ke8 28. Qxc7 fxg5 29. Rh7 1-0

[Event "AUT-ch U18"]
[Site "Fuerstenfeld"]
[Date "2009.04.08"]
[Round "4"]
[White "Kozomara, David"]
[Black "Schreiner, Peter"]
[Result "0-1"]
[WhiteElo "1935"]
[BlackElo "2141"]
[PlyCount "128"]
[EventDate "2009.04.06"]
[EventType "swiss"]
[EventRounds "7"]
[EventCountry "AUT"]
[SourceTitle "CBM 129 Extra"]
[Source "ChessBase"]
[SourceDate "2009.05.05"]
[SourceVersion "2"]
[SourceVersionDate "2009.05.20"]
[SourceQuality "1"]

1. e4 c5 2. Nf3 Nc6 3. d4 cxd4 4. Nxd4 g6 5. Nc3 Bg7 6. Be3 Nf6 7. Be2 0-0 8. 0-0 d5 9. exd5 Nxd5 10. Nxd5 Qxd5 11. c3 Nxd4 12. Bxd4 Bxd4 13. Qxd4 Qxd4 14. cxd4 Rd8 15. Rfd1 Be6 16. b3 Rac8 17. Rd2 Bd5 18. f3 Rc3 19. Kf2 Kg7 20. Rad1 Rdc8 21. Bd3 f5 22. Re1 Kf6 23. Ree2 R8c6 24. Re1 e6 25. Red1 h6 26. Re1 Rc7 27. Red1 Rc8 28. Re1 a6 29. Rb1 g5 30. Re1 a5 31. Bb5 h5 32. Re3 g4 33. Bd3 a4 34. bxa4 Ra3 35. Bb5 Rxe3 36. Kxe3 Rc3+ 37. Rd3 Rc2 38. Rd2 f4+ 39. Ke2 gxf3+ 40. gxf3 Bxf3+ 41. Ke1 Rc1+ 42. Kf2 Bd5 43. Bf1 Rc3 44. Bg2 f3 45. Bf1 Kg5 46. Kg3 h4+ 47. Kf2 Kf4 48. a5 Ra3 49. Bb5 Rxa5 50. a4 Ra8 51. Rb2 Rg8 52. Bf1 Rc8 53. Bd3 Rc3 54. Bb5 Rc1 55. Bf1 Ra1 56. h3 Rxa4 57. Rd2 Rb4 58. Kg1 Kg3 59. Bg2 Rb1+ 60. Bf1 Bc4 61. Rf2 Bxf1 62. Rg2+ fxg2 63. d5 e5 64. d6 Bd3# 0-1

[Event "AUT-ch U18"]
[Site "Fuerstenfeld"]
[Date "2009.04.06"]
[Round "1"]
[White "Platzgummer, Fabian"]
[Black "Kozomara, David"]
[Result "1-0"]
[WhiteElo "2200"]
[BlackElo "1935"]
[PlyCount "59"]
[EventDate "2009.04.06"]
[EventType "swiss"]
[EventRounds "7"]
[EventCountry "AUT"]
[SourceTitle "CBM 129 Extra"]
[Source "ChessBase"]
[SourceDate "2009.05.05"]
[SourceVersion "2"]
[SourceVersionDate "2009.05.20"]
[SourceQuality "1"]

1. Nf3 c5 2. c4 Nf6 3. Nc3 Nc6 4. d4 cxd4 5. Nxd4 d6 6. g3 a6 7. Bg2 Qc7 8. 0-0 e6 9. b3 Be7 10. Bb2 0-0 11. Rc1 Bd7 12. Nd5 exd5 13. cxd5 Nxd5 14. Bxd5 Qb6 15. Bg2 Rac8 16. Nf3 Bf5 17. Qd5 Be6 18. Qd2 h6 19. Bc3 d5 20. Qb2 f6 21. Nd4 Nxd4 22. Bxd4 Qa5 23. a4 Bb4 24. Rxc8 Bxc8 25. Rd1 Be6 26. Qc1 Rc8 27. Qe3 Bf7 28. Bb6 Bc5 29. Bxa5 Bxe3 30. fxe3 1-0

[Event "Graz op-B"]
[Site "Graz"]
[Date "2008.08.31"]
[Round "2"]
[White "Schuetz, Christian"]
[Black "Kozomara, David"]
[Result "1-0"]
[WhiteElo "1900"]
[BlackElo "1860"]
[PlyCount "102"]
[EventDate "2008.08.30"]
[EventType "swiss"]
[EventRounds "9"]
[EventCountry "AUT"]
[SourceTitle "EXT 2022"]
[Source "ChessBase"]
[SourceDate "2021.10.06"]
[SourceVersion "1"]
[SourceVersionDate "2021.10.06"]
[SourceQuality "1"]

1. Nf3 c5 2. e4 e6 3. d3 Nc6 4. g3 Nf6 5. Bg2 d6 6. 0-0 Be7 7. Nbd2 Qc7 8. c3 0-0 9. Re1 b6 10. Nf1 Bb7 11. h4 b5 12. N1h2 h5 13. Ng5 Ne5 14. Bf4 Ng6 15. Bd2 Ne5 16. Bf4 Ng6 17. Bd2 Rfe8 18. f4 Rad8 19. Nhf3 Ng4 20. Nh2 Nf6 21. Nhf3 d5 22. e5 Ng4 23. d4 Qb6 24. Be3 Nf8 25. Nh2 Nxe3 26. Rxe3 Ng6 27. Rd3 Bxg5 28. hxg5 h4 29. Qg4 hxg3 30. Qxg3 Ne7 31. Bh3 b4 32. Ng4 cxd4 33. cxd4 Nf5 34. Nf6+ Kf8 35. Bxf5 exf5 36. Nxe8 Kxe8 37. Qe3 Ke7 38. Kg2 Rh8 39. Rh1 Rxh1 40. Kxh1 Qd8 41. Rd2 a5 42. Qd3 Qd7 43. Rc2 a4 44. Rc5 b3 45. axb3 axb3 46. Qb5 Qxb5 47. Rxb5 Ba6 48. Rxb3 Be2 49. Rb7+ Kf8 50. b4 Ba6 51. Rb8+ Ke7 1-0